Worm Characters by Power - Statistics

General Stats
  • This quiz has been taken 77 times
  • The average score is 71 of 109
Answer Stats
Description Answer % Correct
Undersiders Ability to create dark clouds impervious to all radiation Grue
100%
Undersiders Controls insects/near infinite multitasking Skitter/Weaver
100%
Undersiders Buffs out dogs/Better understanding of dog behavoir Bitch/Hellhound
98%
Undersiders Gradual takeover of nervous systems Regent/Hijack
98%
Undersiders Super-Intuition Tattletale
98%
Undersiders Erasure of memories/ records relating to her /effective invisibility Imp
96%
Brockton Protectorate Tinker specializing in efficiency Armsmaster/Defiant
90%
Empire-88 Metal spike generation from any surface Kaiser
90%
Cauldron Timelocked body/super strength/accelerated mental processes/flight Alexandria
88%
Brockton Wards Freezes objects in time for random intervals Clockblocker
88%
ABB Gradual transformation into dragonlike monster/accelerated regeneration/pyrokinesis all amplified by time in conflict Lung
88%
Slaughterhouse 9 Tinker specializing in enclosed systems Mannequin/Sphere
88%
New Wave Can modify the biology of anything she touches Panacea
88%
ABB Tinker specializing in bombs Bakuda
86%
Brockton Protectorate Temporary superstrength/electricity generation/superspeed that only lasts a few seconds before "recharge" Battery
86%
Slaughterhouse 9 Tinker specializing in biological modification of humans/corpses Bonesaw
86%
New Wave Superstrength/flight via a forcefield that goes down after one hit and needs time to regenerate Glory Girl/Antares
86%
Brockton Wards Tinker specializing in modularity Kid Win
86%
Brockton Wards Shadow state can go through objects Shadow Stalker
86%
Undersiders Empowered arrows/blades cut through anything/ improved timing Flechette/Foil
84%
Slaughterhouse 9 Creates indestructable, inescapable areas of looped time that only he can modify/continually loops back in time to any injury/death Greyboy
84%
Empire-88 transforms into wolf made out of blades Hookwolf
84%
Brockton Protectorate Always has a weapon/ can choose any weapon Miss Militia
84%
Cauldron Sees the world as mathematics Numberman/Harbinger
84%
ABB Teleporter that leaves behind clone for 5 seconds/Power induced loss of self Oni Lee
84%
Undersiders Telekinesis of light objects/Can inflate thin coverings with telekinesis Parian
84%
Endbringer Mind control/powerful precognition/powerful telekinesis/copies tinkers in radius/flight/near indestructability Simurgh
84%
Brockton Protectorate Control of kinetic impacts Assault
82%
Slaughterhouse 9 Adaptive regeneration/gradual transformation into unkillable monster due to adaptive regeneration Crawler
82%
Cauldron Any three powers at once, based on what is "needed" at the moment Eidolon
82%
Slaughterhouse 9 Projects blades/ intuitive understanding of powered induviduals Jack Slash/Jacob
82%
Cauldron Able to shoot/control lasers/fly/instinctively enter an indestructible breaker state that slows mental processes Legend
82%
Empire-88 Turns into immensely strong unknown creature when not in direct vision/ Instantly heals all damage in creature form Night
82%
Brockton Wards Stretches space if people are not in it Vista
82%
Endbringer Powerful Dynakinetic with killzone of 30 meters/ near indestructability Behemoth
80%
Cauldron Thinker that sees a set series of steps to finish any task Contessa
80%
Empire-88 Ability to turn into cloud of poison gas Fog
80%
Slaughterhouse 9 City-level silicokinesis Shatterbird
80%
Brockton Wards Redundant Biology/Flight Aegis
78%
Endbringer Powerful water control/ superspeed/ water echo that mimics them/near indestructability Leviathan
78%
Brockton Wards Shoots emotion blasts Gallant
76%
Travelers Makes clones of whatever she touches with variants of originals powers. Clones are psychotic/ Extremely nonhuman appearance/ rapid regeneration/ Power induced psychosis Noelle/Echidna
76%
Empire-88 Glows/ Shoots powerful light beams/flight Purity
76%
Travelers Creates and controls a minature sun Sundancer
76%
Empire-88 Ability to leech normal human abilities from others Victor
76%
Slaughterhouse 9 City level emotion control Cherish
73%
Cauldron Creates portals that can breach dimensions Doormaker
73%
Crew Dreamlike reality warper/Power induced mental illness Labyrinth
73%
Slaughterhouse 9 Creates an indestructible reality-warping projection that can push that indestructibility on anything except himself Siberian
73%
Slaughterhouse 9 Pyrokinetic/Teleports through fire/fire induced psychosis Burnscar
71%
New Wave Light explosions Flashbang
71%
Empire-88 Touch based telekinesis Rune
71%
Other TInker specializing in plant growth and cloning Blasto
69%
Merchants Creates accelerated fields Skidmark
69%
Cauldron Tinker specializing in waves Hero
67%
Slaughterhouse 9 Reflects any damage on the last person he touches King
67%
Brockton Protectorate Recieves a daily powerup that can be used to empower equipment with abilities Dauntless
65%
Other Tinker specializing in adapting and understanding tinkertech Dragon
65%
Crew Can shatter non-organic objects touched Faultline
65%
Slaughterhouse 9 Superstrength+ power negation field Hatchetface
65%
Travelers Teleport-Switch objects of equal mass Trickster
65%
Brockton Protectorate Shouts have kinetic impacts/ Slight regeneration Triumph
65%
Travelers Human railgun/Able to accelerate any object touched Ballistic
63%
New Wave Shoots lasers/flies, has a fairly weak shield Laserdream
63%
Slaughterhouse 9 Causes anyone seeing him to see him as a bystander to what is happening Niceguy
63%
Cauldron Thinker that can see everything Clairvoyant
61%
Empire-88 Echolocation/ Improved reflexes Cricket
61%
Merchants Tinker specializing in vehicles Squealer
61%
Brockton Protectorate Speedster with weight limitation Velocity
61%
New Wave Turns into a ball of light/ has light weapons Brandish
59%
Brockton Wards Control of own biology/Skintight telekinesis field Browbeat
59%
Travelers Creates a controllable projection when sleeping Genesis
59%
Travelers Gradual change of appearance Oliver
59%
Endbringer Creates powerful zones of accelerated time/ flight/near indestructability Khonsu
57%
Crew Halucigenic sweat/ nonhuman appearance Newter
57%
Empire-88 Can grant temporary powers to others/Grants regeneration Othala
57%
Endbringer Gradual transformation of surrounding terrain/near indestructability Bohu
55%
Other Appears in the mind of whoever killed them as a voice, along with the voices of all previous individuals who killed that individual/collective previously/ Pain projection powers+ weakened versions of all powers each voice had/ 15+ powers Butcher
55%
Other Split time into two timelines, gets to choose which timeline to keep Coil
55%
Cauldron Weak telekinesis/ Incorporeal body/ Able to make thousands of copies of herself to amplify telekinesis Custodian
55%
Empire-88 Regenerates from injuries every couple of seconds/ Power induced albinism Alabaster
53%
Crew Shoots viscous liquid from hands/nonhuman appearance Gregor the Snail
53%
Endbringer Copies the powers of any three parahumans/near indestructability Tohu
53%
New Wave Produces strong shields/ weak lasers/flight Shielder
51%
New Wave Mid-power Shields/Flight/Lasers Lady Photon
49%
Other Tinker that can make anything once Leet
49%
Travelers Rewinds local time backwards several seconds for self or objects Perdition
49%
Crew Replaces spheres of one dimension with spheres of another Scrub
47%
Empire-88 Aerokinetic "claws" Stormtiger
47%
Other Very skilled at any peak-human technique of his choice Uber
47%
New Wave Superstrength via shield Manpower
45%
Other Bone shaping/Bone Telekinesis Marquis
45%
Empire-88 Kinetic fields(?) Krieg
43%
Other Thinker specializing in planning Accord
39%
Merchants Trash-golem Mush
39%
Crew Luck manipulation Shamrock
39%
Crew Shoots napalm from mouth Spitfire
39%
Other Grants weak thinker/tinker powers in return for mind control Teacher
39%
Other Ability to project limbs through object/Creates giant version of that limb Golem
37%
Other Tinker specializing in movement Chariot
31%
Other Killing touch/creates "Fae" of those she kills that include powers/ can produce 3 "Fae" at once/ Power induced mental illness Glastig Ulaine
31%
Other Merges aspects of objects to create object with qualities of all merged objects Chevalier
29%
Other Sees the future as percentages Dinah Alcott
27%
Other Shapes organic matter in pouches on arms. Can create sentient life/Power induced psychosis Nilbog
27%
Other Shifts physical properties of an an area via "tuning field" Citrine
24%
Other Tinker specializing in AI Andrew Richter
22%
Merchants Spins objects clockwise around self Whirlygig
18%
Other Tinker specializing in dimensional portals Professor Haywire
10%
Other Tinker specializing in memory Cranial
8%
No matching quizzes found
Score Distribution
Percent of People with Each Score
Percentile by Number Answered
Your Score History
You have not taken this quiz